000 00410nam a2200181Ia 4500
005 20250423095545.0
008 250422s9999 xx 000 0 und d
020 _a97800701283977
050 _aQA 76.76.O63 .H346/
100 _aHahn, Harley
245 0 _aGuide to Unix and Linux
260 _aNew York
260 _bMcGraw-Hill
260 _c2009
300 _a926 p
650 _aLinux
942 _cBK
999 _c30635
_d30635